Ukrajina, EÚ a európska politika susedstva

Posilnenie vzájomných vzťahov medzi Európskou úniou a Ukrajinou. Dohoda o partnerstve a spolupráci. Ukrajina ako partnerská krajina v rámci európskej politiky susedstva (ENP). Kľúčové aspekty ENP. Vzájomné vzťahy s Európskou úniou a problémové otázky. Ekonomické vzťahy Slovenskej republiky a Ukrajin...

Description complète

Enregistré dans:
Détails bibliographiques
Auteur principal: Grešš, Martin, 1978-
Autres auteurs: Greššová, Mária
Format: Chapitre de livre
Langue:slovaque
Sujets:
Tags: Ajouter un tag
Pas de tags, Soyez le premier à ajouter un tag!

MARC

LEADER 00000naa$a2200000$$$4500
001 0053031
005 20240502071618.4
041 0 |a slo 
044 |a SK 
245 1 0 |a Ukrajina, EÚ a európska politika susedstva  |c Martin Grešš, Mária Greššová 
520 |a Posilnenie vzájomných vzťahov medzi Európskou úniou a Ukrajinou. Dohoda o partnerstve a spolupráci. Ukrajina ako partnerská krajina v rámci európskej politiky susedstva (ENP). Kľúčové aspekty ENP. Vzájomné vzťahy s Európskou úniou a problémové otázky. Ekonomické vzťahy Slovenskej republiky a Ukrajiny. 
610 2 0 |a vzťahy hospodárske medzinárodné 
610 2 0 |a spolupráca medzinárodná 
610 2 0 |a rozvoj hospodársky 
610 2 0 |a politika vnútorná 
610 2 0 |a politika zahraničná 
610 2 0 |a stabilita politická 
610 2 0 |a obchod zahraničný 
610 2 0 |a partneri obchodní 
610 2 0 |a Ukrajina 
610 2 0 |a Európska únia 
100 1 |a Grešš, Martin, 1978- 
700 1 |a Greššová, Mária